| 000 | 00431nam a2200157 4500 | ||
|---|---|---|---|
| 001 | 127991 | ||
| 003 | ES-MaACL | ||
| 005 | 20230906193132.0 | ||
| 007 | t| | ||
| 008 | 070214s1973 sp r ||||1| spa d | ||
| 100 | 1 |
_aRivero Romero, José. _997710 |
|
| 245 | 1 | 0 |
_aContabilidad financiera / _cpor José Rivero Romero. |
| 260 |
_aMadrid : _bICE, _c1973. |
||
| 300 |
_aXIX, 482 p. ; _c24 cm. |
||
| 852 |
_aES-MaACL _jC-51868 _bR.85419 |
||
| 999 |
_c127991 _d127991 |
||